| 000 | 01372nam a2200313 i 4500 | ||
|---|---|---|---|
| 003 | DO-SdBNP | ||
| 005 | 20260602145859.0 | ||
| 007 | ta | ||
| 008 | 260602b2025 dr ||||| |||| 00| 0 spa d | ||
| 020 | _a9798879583410 | ||
| 040 |
_aDO-SdBNP _bspa _cBNPHU _erda |
||
| 041 | _aspa | ||
| 082 | 4 |
_axxx _bC957L _222 |
|
| 100 |
_aCruz, Pedro A. _eautor _4aut. _989641 |
||
| 245 | 1 | 0 |
_aLógica, humanidad y la fundamentación de la razón : _bUna mirada a las dimensiones del ser como estructura humana / _cPedro Alexander Cruz ; prólogo, Miguel Ángel Poueriet. |
| 250 | _aPrimera edición | ||
| 264 | 4 |
_aSanto Domingo : _b [editor no identificado], _c©2025. |
|
| 300 |
_a256 páginas ; _c23 cm. |
||
| 336 |
_atexto _btxt _2rdacontent |
||
| 337 |
_asin mediación _bn _2rdamedia |
||
| 338 |
_avolumen _bnc _2rdacarrier |
||
| 500 | _aIncluye referencias bibliográficas y notas al pie de las páginas | ||
| 504 | _aBibliografía: páginas 252-256 | ||
| 505 | _aCapítulo I. Lógica y sus implicaciones en el mundo, 11 -- Capítulo II. La conciencia Valente y el concepto de humanidad, 68 -- La razón y sus estructuras, 131 -- Concatenación lógica, resumen, ajustes de la lógica y aplicaciones en hechos actuales, 239 -- | ||
| 590 | _aInventariado, 2026 /LP | ||
| 700 | 1 |
_aPoueriet, Miguel Ángel, _eprologuista _4pr. _989843 |
|
| 910 | _aLP | ||
| 942 |
_2ddc _cLBS1 |
||
| 999 |
_c60853 _d60853 |
||